| 000 | 00679nam a2200181 i 4500 | ||
|---|---|---|---|
| 001 | 20483 | ||
| 003 | ES-MaACL | ||
| 005 | 20260128063027.0 | ||
| 007 | t| | ||
| 008 | 021113s1883 sp ||||1| spa d | ||
| 100 |
_aReal Academia de Jurisprudencia y Legislación de España _9217612 |
||
| 245 | 1 | 0 | _aConstituciones y reglamento de la Real Academia de Jurisprudencia y Legislación. |
| 260 |
_aMadrid : _b[s.n.], _c1883 ( _fImp. del Ministerio de Gracia y Justicia) |
||
| 300 |
_a45 p. ; _c23 cm. |
||
| 610 | 2 |
_aReal Academia de Jurisprudencia y Legislación de España- _vConstituciones. _9170342 |
|
| 852 |
_aES-MaACL _jL-4909(16-10) |
||
| 999 |
_c20483 _d20483 |
||